| 000 | 00440cam a2200181 4500 | ||
|---|---|---|---|
| 001 | D10634 | ||
| 008 | 090401t xxu||||| |||| 00| 0 eng d | ||
| 035 | _a(Sirsi) u95578 | ||
| 041 | _aeng | ||
| 050 | _a614.79 | ||
| 100 | _aFletcher, P.J. | ||
| 245 | _aPollution from buildings and its control | ||
| 300 | _ai. 10p | ||
| 350 | _a0 | ||
| 520 | _aIn RICS. Legislation relating to buildings... 1977/4 | ||
| 942 | _n0 | ||
| 948 | _c04/03/1997 | ||
| 999 |
_c98532 _d98532 |
||